| 000 -LEADER |
| fixed length control field |
00487cam a22001577a 4500 |
| 008 - FIXED-LENGTH DATA ELEMENTS--GENERAL INFORMATION |
| fixed length control field |
180718b1960 xxu||||| |||| 00| 0 eng d |
| 082 ## - DEWEY DECIMAL CLASSIFICATION NUMBER |
| Classification number |
I5511 B621 |
| 100 ## - MAIN ENTRY--PERSONAL NAME |
| Personal name |
Blommers,Paul |
| 245 ## - TITLE STATEMENT |
| Title |
Elementary statistical methods in psychplogy and education |
| Statement of responsibility, etc. |
By Paul Blommers and E.F. Lindquist |
| 260 ## - PUBLICATION, DISTRIBUTION, ETC. |
| Place of publication, distribution, etc. |
Calcutta |
| Name of publisher, distributor, etc. |
Oxford |
| Date of publication, distribution, etc. |
1960 |
| 300 ## - PHYSICAL DESCRIPTION |
| Extent |
xv, 528p |
| 650 ## - SUBJECT ADDED ENTRY--TOPICAL TERM |
| Topical term or geographic name entry element |
Research methods |
| 650 ## - SUBJECT ADDED ENTRY--TOPICAL TERM |
| Topical term or geographic name entry element |
Psychology and Education research |
| 650 ## - SUBJECT ADDED ENTRY--TOPICAL TERM |
| Topical term or geographic name entry element |
Social science |
| 700 ## - ADDED ENTRY--PERSONAL NAME |
| Personal name |
Lindquist,E.F. |